000 00409nam a22001817a 4500
003 OSt
005 20240409170355.0
008 181212b xxu||||| |||| 00| 0 eng d
020 _a9789327296075
028 _bG
040 _cIIMT UNIVERSITY
100 _aSINGH,OMKAR
245 _aGENETICS
250 _a2018
260 _aMEERUT
_bRAMA PUBLICATION HOUSE
_c2018
300 _a339
942 _2ddc
_c01
_e1ST
999 _c44599
_d44599